Catholic dictionary (Record no. 76576)
[ view plain ]
| 000 -LEADER | |
|---|---|
| fixed length control field | 00486nam a2200193Ia 4500 |
| 003 - CONTROL NUMBER IDENTIFIER | |
| control field | OSt |
| 005 - DATE AND TIME OF LATEST TRANSACTION | |
| control field | 20241030160106.0 |
| 008 - FIXED-LENGTH DATA ELEMENTS--GENERAL INFORMATION | |
| fixed length control field | 210210b1951 xxu||||| |||| 00| 0 eng d |
| 040 ## - CATALOGING SOURCE | |
| Transcribing agency | AL |
| 041 ## - LANGUAGE CODE | |
| Language code of text/sound track or separate title | eng |
| 082 ## - DEWEY DECIMAL CLASSIFICATION NUMBER | |
| Classification number | 030/2 |
| 100 ## - MAIN ENTRY--PERSONAL NAME | |
| Personal name | ADDIS (William E) and ARNOLD (Thomas) Ed 15 |
| 9 (RLIN) | 183882 |
| 245 ## - TITLE STATEMENT | |
| Title | Catholic dictionary |
| 260 ## - PUBLICATION, DISTRIBUTION, ETC. | |
| Place of publication, distribution, etc. | London |
| Name of publisher, distributor, etc. | Routledge and Kegan Paul Ltd. |
| Date of publication, distribution, etc. | 1951 |
| 300 ## - PHYSICAL DESCRIPTION | |
| Extent | viii,843 |
| 690 ## - LOCAL SUBJECT ADDED ENTRY--TOPICAL TERM (OCLC, RLIN) | |
| Topical term or geographic name as entry element | Dictionaries |
| 9 (RLIN) | 183883 |
| 906 ## - LOCAL DATA ELEMENT F, LDF (RLIN) | |
| a | 000048 |
| 942 ## - ADDED ENTRY ELEMENTS (KOHA) | |
| Source of classification or shelving scheme | Dewey Decimal Classification |
| Koha item type | Book |
| Withdrawn status | Lost status | Source of classification or shelving scheme | Damaged status | Not for loan | Collection code | Home library | Current library | Date acquired | Cost, normal purchase price | Total Checkouts | Full call number | Barcode | Date last seen | Price effective from | Koha item type |
|---|---|---|---|---|---|---|---|---|---|---|---|---|---|---|---|
| Dewey Decimal Classification | Restricted Book | Konkani | St Aloysius Library | St Aloysius Library | 02/17/2021 | 0.00 | 030/2 | 000048 | 02/17/2021 | 02/17/2021 | Book |